Separate and unequal ; public school campaigns and racism in the Southern Seaboard States, 1901-1915.

Bibliographic Details
Main Author: Harlan, Louis R.
Format: Book
Language:English
Published: Chapel Hill : University of North Corolina Press, [1958]
Subjects:

MARC

Tag First Indicator Second Indicator Subfields
LEADER 00000cam a2200000 4500
001 in00000056146
005 20151008052403.0
008 711230s1958 ncu b 00000 eng u
010 |a  58001242  
035 |a (OCoLC)00189505 
035 |9 AAH3099AM 
040 |c WSU  |d TXA  |d UtOrBLW 
049 |a TXAM  |c [297076] 
050 0 |a LC2801  |b .H28 
092 |a 371.974  |b H283s 
100 1 |a Harlan, Louis R. 
245 1 0 |a Separate and unequal ;  |b public school campaigns and racism in the Southern Seaboard States, 1901-1915. 
264 1 |a Chapel Hill :  |b University of North Corolina Press,  |c [1958] 
300 |a xii, 290 pages 
336 |a text  |b txt  |2 rdacontent 
337 |a unmediated  |b n  |2 rdamedia 
338 |a volume  |b nc  |2 rdacarrier 
504 |a Bibliographical footnotes. 
650 0 |a Education  |z Southern States  |x History. 
650 0 |a African Americans  |x Education  |z Southern States. 
999 |a MARS 
999 f f |s 954631b9-e5f2-384f-96d8-f242667b1796  |i 187755dc-1b33-34e3-8acf-267fe5ba62a9  |t 0 
952 f f |p normal  |a Texas A&M University  |b College Station  |c Sterling C. Evans Library  |d Evans: Library Stacks  |t 0  |e LC2801 .H28  |h Library of Congress classification  |i unmediated -- volume  |m A14800847815 
998 f f |a LC2801 .H28  |t 0  |l Evans: Library Stacks